Ensiklopedia istilah agama Islam

Bibliographic Details
Main Author: Sosrodirdjo, R. M. (Author)
Format: Book
Published: Kuala Lumpur : Golden Books Centre , 1988
Subjects:

MARC

LEADER 00000cam a2200000 7i4500
001 0000006364
005 20070731093000.0
020 |a 9679959252 
090 0 0 |a BP40   |b .S6 1988 
100 0 |a Sosrodirdjo, R. M. ,   |e author 
245 0 0 |a Ensiklopedia istilah agama Islam   |c R. M. Sosrodirdjo 
260 2 |a Kuala Lumpur :   |b Golden Books Centre ,   |c 1988 
300 |a 166 ms. ;   |c 19 sm. 
650 0 |a Islam   |v Dictionaries 
999 |a 1000017671   |b Book   |c Reference   |e Gong Badak Campus